MARC

LEADER 00000nam0a2200000 4500
001 359966
005 20250211063212.0
035 |a (RuTPU)RU\TPU\retro\17273 
035 |a RU\TPU\retro\17272 
090 |a 359966 
100 |a 20210211d1962 k y0rusy5003 ca 
101 0 |a rus 
102 |a RU 
105 |a y z 001zy 
200 1 |a Автоматика и телемеханика  |e [тематический сборник]  |f Московский энергетический институт ; под ред. А. В. Нетушила 
210 |a Москва  |c Изд-во МЭИ  |d 1962 
215 |a 308 с.  |c табл., ил. 
225 1 |a Труды Московского энергетического института (МЭИ)  |v Вып. 45 : Проблемная лаборатория автоматики и телемеханики 
320 |a Библиогр. в конце ст. 
500 1 0 |a Труды Московского энергетического института  |9 88841 
606 1 |a Автоматика  |2 stltpush  |3 (RuTPU)RU\TPU\subj\749  |9 29560 
606 1 |a Телемеханика  |2 stltpush  |3 (RuTPU)RU\TPU\subj\74512  |9 86736 
610 1 |a централизованный контроль 
610 1 |a управление 
610 1 |a принципы построения 
610 1 |a обучающиеся системы 
610 1 |a цифровые автоматические системы 
610 1 |a динамика 
610 1 |a автоколебания 
610 1 |a оптимизаторы 
675 |a 681.51  |v 3 
675 |a 621.398  |v 3 
702 1 |a Нетушил  |b А. В.  |4 340 
712 0 2 |a Московский энергетический институт  |c (1930-1992)  |3 (RuTPU)RU\TPU\col\20092  |9 27693 
801 0 |a RU  |b 63413507  |c 19950704  |g psbo 
801 1 |a RU  |b 63413507  |c 20060118  |g PSBO 
801 2 |a RU  |b 63413507  |c 20220207  |g PSBO 
942 |c BK